YOU ONLY HAVE TO BE RIGHT ONCE THE RISE (Record no. 31646)

MARC details
000 -LEADER
fixed length control field 00349nam a2200133Ia 4500
008 - FIXED-LENGTH DATA ELEMENTS--GENERAL INFORMATION
fixed length control field 240624s9999 xx 000 0 und d
041 ## - LANGUAGE CODE
Language code of text/sound track or separate title eng
082 ## - DEWEY DECIMAL CLASSIFICATION NUMBER
Classification number 658.421 LAN
100 ## - MAIN ENTRY--PERSONAL NAME
Personal name LANE RANDALL
245 ## - TITLE STATEMENT
Title YOU ONLY HAVE TO BE RIGHT ONCE THE RISE
260 ## - PUBLICATION, DISTRIBUTION, ETC.
Date of publication, distribution, etc. 2016
Place of publication, distribution, etc. New York
Name of publisher, distributor, etc. Portfolio Penguin
300 ## - PHYSICAL DESCRIPTION
Extent xii, 208 p.; 23 cm.
365 ## - TRADE PRICE
Currency code
Price amount 35
Holdings
Withdrawn status Lost status Damaged status Not for loan Home library Current library Shelving location Date acquired Total Checkouts Full call number Barcode Date due Date last seen Date last checked out Copy number Price effective from Koha item type
        IMTN IMTN Rack 32-A 04/24/2019 5 658.421 LAN 31646 01/25/2026 01/15/2026 01/15/2026 72 06/24/2024 Books
Designed & Maintained by: LRC IMT Nagpur Contact: lrc@imtnag.ac.in© 2024. All Rights Reserved.